000 00715nam a2200205 i 4500
001 182411
003 ES-MaACL
005 20251115063321.0
008 130809s1989 sp |||| | spa d
080 _a75 Domínguez, Óscar (083.824)
100 1 _aDomínguez, Óscar,
_d1906-1957
_945175
245 1 0 _aOscar Domínguez
_b: de 4 al 17 de maig del 1989, Sala Parés, Barcelona.
260 _aBarcelona :
_bSala Parés,
_c1989.
300 _a39 p. : principalmente il. col. y n. ;
_c30 cm.
600 1 7 _aDomínguez, Óscar,
_d1906-1957-
_vExposiciones
_2
_9153218
655 7 _2tgfbne
_9193628
_aCatálogos de exposiciones
852 _aES-MaACL
_j2323-F-22
942 _2udc
999 _c182411
_d182411